| 000 | 02020nam0a2200397 4500 | ||
|---|---|---|---|
| 001 | RU\NLR\bibl\245846 | ||
| 005 | 20260407113301.0 | ||
| 010 |
_a5-7627-0154-9 _9500 |
||
| 035 | _a(NLR Aleph) 000241697 | ||
| 090 |
_a1408749 _c1408749 |
||
| 100 | _a20020402d2000 |||y0rusy50 ca | ||
| 101 | 0 |
_arus _ager _ascr _asla _drus |
|
| 102 | _aRU | ||
| 105 | _aac ||||||||| | ||
| 200 | 1 |
_aСлово во времени и пространстве _eК 60-летию проф. В.М. Мокиенко _e[Сб. науч. ст.] _fС.-Петерб. гос. ун-т. Филол. фак. _g[Редкол.: Г.А. Лилич (отв. ред.) и др.] |
|
| 210 |
_aСПб. _cФолио-Пресс _d2000 |
||
| 215 |
_a561, [1] с. _cпортр., ил. _d20 |
||
| 300 | _aТекст ст. на рус., хорв., нем. и словац. яз. | ||
| 300 | _aРез. отд. ст. на рус. яз. | ||
| 316 |
_aавтограф _5NLR:2002-3/7045 |
||
| 320 | _aБиблиогр. в конце ст. | ||
| 320 | _aСписок печ. тр. В.М. Мокиенко: с. 508-551 | ||
| 320 | _aКанд. дисс. , напис. под рук. проф. В.М. Мокиенко : с. 553-556 (42 назв.) | ||
| 600 | 1 |
_aМокиенко _bВ. М. _f1940- _gВалерий Михайлович _2psbo |
|
| 606 | 0 |
_aИндоевропейские языки _jСборники _xЛексикология _91179805 _3RU\NLR\auth\66474601 |
|
| 606 | 0 |
_aИндоевропейские языки _jСборники _xСтилистика _91182204 _3RU\NLR\auth\66475889 |
|
| 686 | _aШ1г(2Р)7дМокиенко | ||
| 686 | _aШ140/159-3я434 | ||
| 686 | _aШ140/159-7я434 | ||
| 702 | 1 |
_aЛилич _bГ. А. _4340 |
|
| 712 | 0 | 2 |
_4570 _aСанкт-Петербургский государственный университет _bФилологический факультет _9380699 _3RU\NLR\AUTH\889942838 |
| 801 | 0 |
_aRU _bNLR _c20020402 _gPSBO |
|
| 801 | 1 |
_aRU _bNLR _c20020402 |
|
| 942 | _cBOOK | ||
| 980 | _aNB | ||